000 00681nam a22002177a 4500
003 UA-OsUOA
001 80714
007 ta
008 20111222b un ||||| |||| 00| 0 ukr d
100 _aМизгін К.В.
090 _a902
_bМ58
942 _cSA
040 _aUA-OsUOA
_bukr
_cUA-OsUOA
_dUA-OsUOA
245 _aДеякі результати досліджень поселення черняхівської культури біля с. Новоберецьке
300 _aС.70-81
955 _a0
041 _aukr
080 _a902
773 0 _w80708
_tАрхеологія
_dК.
_d2011
_g4
650 7 _a9 Географія. Біографії. Історія
_2UDC
999 _c367024
_d367024